000 00636 a2200193 4500
999 _c4945
_d4945
020 _a9781845298241
050 _aRC 531 WIL 2009
100 _a Willson, Rob
245 _aOvercoming Health Anxiety :
_bA self-help guide using cognitive behavioral techniques/
_cWillson, Rob & Veale, David
264 _aLondon :
_bRobinson,
_c 2009
300 _axiii, 318 p.
_bill.
440 _aOvercoming series
500 _aincludes index
650 _a Hypochondria -- Popular works.
650 _aHypochondria -- Treatment
650 _aHEALTH & FITNESS -- Diseases -- General.
700 _aVeale, David
942 _2lcc
_cBK
_h531
_iWIL
_kRC